Korózne poškodzovanie kondenzátorových rúrok EVO = Corrosion deterioration of condenser tubes of the Vojany Power Plants

Podrobná bibliografia
Hlavní autori: Jenčo, Jozef (Author), Kocich, Jaroslav (Author)
Médium: Článok
Jazyk:Slovak
Témy:
ISBN: 80-7099-777-X
Zdroj: 1. Korózia v energetike 2002 1. Košice : Hutnícka fakulta Technickej univerzity, 2002 1. 80-7099-777-X 1. S. 72-83
LEADER 01163naa a2200361 a 4500
001 000050737
003 SVKKK
005 20080130143707.0
008 041209c2002 xo e slo
FMT
038 |a SVKKK 
040 |a SVKKK  |b slo  |e AACR2 
041 0 |a slo  |b eng 
044 |a xo  |c SK 
080 |a 061.3  |2 1997 
080 |a 621.643:621.176  |2 1997 
080 |a 621.78.019.8  |2 1997 
100 1 |a Jenčo, Jozef  |4 aut 
245 1 0 |a Korózne poškodzovanie kondenzátorových rúrok EVO =  |b Corrosion deterioration of condenser tubes of the Vojany Power Plants  |c Jozef Jenčo, Jaroslav Kocich 
300 |b Obr., tab. 
504 |a Bibliogr. odkazy 
504 |a Res. angl. 
610 2 4 |a Elektrárne Vojany (Vojany, Slovensko) 
611 2 4 |a Korózia v energetike  |n (14. :  |c Košice, Slovensko  |d 19.-20.3.2002)  |x konferencie 
650 0 4 |a rúrky kondenzátorové  |x korózia  |x poškodzovanie 
700 1 |a Kocich, Jaroslav  |4 aut 
773 0 |t Korózia v energetike 2002  |d Košice : Hutnícka fakulta Technickej univerzity, 2002  |z 80-7099-777-X  |g S. 72-83 
958 |a NB 
974 |a MI 
992 |a RZB 
BAS
852 |a SVKKK  |b BIB 
998 |a HUT